000 00565nam a2200229Ia 4500
005 20250425162034.0
008 250425s9999 xx 000 0 und d
020 _a0136401783
041 _aeng
082 _a547.05
100 _aSPESSARD, GARY O
245 0 _aORGANOMETALLIC CHEMISTRY
250 _a1TH ED.
260 _aEstados Unidos
_bPRENTICE HALL
_c1997
260 _aUPPER SADDLE RIVER
300 _a561
650 _aCOMPUESTOS ORGANOMETALICOS
650 _aQUIMICA ORGANICA
700 _aMIESSLER, GARY L.
942 _c01
010 _a41858
999 _c221111
_d221111